Πρακτικά 4ου Πανελλήνιου Γεωγραφικού Συνεδρίου : 12, 13, 14 Οκτωβρίου 1995 : γεωμορφολογία, κλιματολογία, μαθηματική γεωγραφία, γενική γεωγραφία
Αποθηκεύτηκε σε:
| Συλλογικό Έργο: | , |
|---|---|
| Μορφή: | Πρακτικό Συνεδρίου Βιβλίο |
| Γλώσσα: | Greek |
| Δημοσίευση: |
Αθήνα :
Ελληνική Γεωγραφική Εταιρεία,
1998
|
| Θέματα: | |
| Ετικέτες: |
Προσθήκη ετικέτας
Δεν υπάρχουν, Καταχωρήστε ετικέτα πρώτοι!
|
MARC
| LEADER | 00000cam a2200000 i 4500 | ||
|---|---|---|---|
| 001 | 1/83536 | ||
| 008 | 990604s1998 gre d | ||
| 035 | |l 10051372 | ||
| 040 | |a GR-MY-UA |b gre |e aacr | ||
| 041 | 0 | |a gre | |
| 082 | 0 | |a 910.060 | |
| 111 | 2 | |a Πανελλήνιο Γεωγραφικό Συνέδριο |n (4ο : |d 1995 |c : Αθήνα) | |
| 245 | 1 | 0 | |a Πρακτικά 4ου Πανελλήνιου Γεωγραφικού Συνεδρίου : |b 12, 13, 14 Οκτωβρίου 1995 : γεωμορφολογία, κλιματολογία, μαθηματική γεωγραφία, γενική γεωγραφία / |c Ελληνική Γεωγραφική Εταιρεία |
| 260 | |a Αθήνα : |b Ελληνική Γεωγραφική Εταιρεία, |c 1998 | ||
| 300 | |a 853 σ. | ||
| 504 | |a Περιέχει ευρετήριο | ||
| 650 | 0 | 0 | |a Geography |x Congresses. |
| 710 | 2 | |a Ελληνική Γεωγραφική Εταιρεία. | |
| 852 | |a INST |b LESVOS |e 19990604 |h 910.060 ΕΛΛ |p 005100015956 |q 005100015956 |t BK |y 0 | ||
| 909 | |a Λ |b 065952 | ||
| 970 | |a ΑΙΒΑΤΖΙΔΟΥ |b ΕΛΕΝΗ |z 2000/02/24 | ||